banner koha

Produção de mudas de mamoeiro sob doses de adubação fosfatada utilizando como fonte superfosfato simples (Registro n. 227077)

MARC details
000 -LÍDER
campo de controle de tamanho fixo 01248nas a2200361 4500
001 - NÚMERO DE CONTROLE
campo de controle BR2013002633
003 - IDENTIFICADOR DO NÚMERO DE CONTROLE
campo de controle BR-BrBNA
005 - DATA E HORÁRIO DA ÚLTIMA TRANSAÇÃO
campo de controle 20231205122130.0
007 - CAMPO FIXO DE DESCRIÇÃO FÍSICA--INFORMAÇÃO GERAL
campo de controle de tamanho fixo ta
008 - CAMPO DE DADOS FIXOS--INFORMAÇÃO GERAL
campo de controle de tamanho fixo 230509b bl.|||p| |||| 00| 00por d
040 ## - FONTE DA CATALOGAÇÃO
Instituição da catalogação original BR-BrBNA
Idioma da catalogação por
Instituição que transcreveu o registro Biblioteca Nacional de Agricultura
041 ## - CÓDIGO DE IDIOMA
Código do idioma do texto/trilha sonora ou título diferente (Pt)
072 ## - CÓDIGO DE CATEGORIA DE ASSUNTO
Código de Categoria de Assunto F02; F04
100 1# - ENTRADA PRINCIPAL--NOME PESSOAL
Nome pessoal Saraiva, K. R.
100 1# - ENTRADA PRINCIPAL--NOME PESSOAL
Nome pessoal Nascimento, R.S.
100 1# - ENTRADA PRINCIPAL--NOME PESSOAL
Nome pessoal Sales, F.A. de L.
100 1# - ENTRADA PRINCIPAL--NOME PESSOAL
Nome pessoal Araújo, H.F. de
100 1# - ENTRADA PRINCIPAL--NOME PESSOAL
Nome pessoal Fernandes, C.N.V.
100 1# - ENTRADA PRINCIPAL--NOME PESSOAL
Nome pessoal Lima, A.D.
245 1# - TÍTULO
Título Produção de mudas de mamoeiro sob doses de adubação fosfatada utilizando como fonte superfosfato simples
246 1# - FORMA VARIANTE DO TÍTULO
Título/título abreviado Papaya seedling production with doses of phosphoric fertilization using superphosphate as source
650 ## - ASSUNTO--TERMO TÓPICO
Cabeçalho tópico ou nome geográfico MAMÃO
650 ## - ASSUNTO--TERMO TÓPICO
Cabeçalho tópico ou nome geográfico HÍBRIDO
650 ## - ASSUNTO--TERMO TÓPICO
Cabeçalho tópico ou nome geográfico PROPAGAÇÃO VEGETATIVA
650 ## - ASSUNTO--TERMO TÓPICO
Cabeçalho tópico ou nome geográfico REPRODUÇÃO VEGETAL
650 ## - ASSUNTO--TERMO TÓPICO
Cabeçalho tópico ou nome geográfico MUDA
650 ## - ASSUNTO--TERMO TÓPICO
Cabeçalho tópico ou nome geográfico ADUBAÇÃO
650 ## - ASSUNTO--TERMO TÓPICO
Cabeçalho tópico ou nome geográfico FERTILIZANTE FOSFATADO
773 0# - ENTRADA ANALÍTICA
Título Revista Brasileira de Agricultura Irrigada (Brazil)
ISSN - International Standard Serial Number ISSN 1982-7679
Partes relacionadas (2011), v.5(4) p. 376-383
Número de controle do registro BR2013002633
856 40 - LOCALIZAÇÃO ELETRÔNICA E ACESSO
Uniform Resource Identifier <a href="http://www.inovagri.com.br/wp-content/uploads/2011/12/13-V5N4_Saraiva-et-al.pdf">http://www.inovagri.com.br/wp-content/uploads/2011/12/13-V5N4_Saraiva-et-al.pdf</a>
909 ## -
-- 202311
-- Lúcia
-- 55
-- Lúcia Elande
942 ## - ELEMENTOS DE ENTRADA ADICIONADOS (KOHA)
Fonte da classificação ou esquema de arquivamento na estante Classificação AGRIS
Ocultar no OPAC Não
Tipo de material Koha Analítica
Exemplares
Situação do descarte Fonte da classificação ou esquema de arquivamento na estante Situação física Não pode ser emprestado Biblioteca de origem Biblioteca atual Localização na estante Enumeração do periódico / cronologia Total de empréstimos Data de último acesso Número do exemplar Tipo de material Koha Fonte de aquisição
  Classificação AGRIS   Consulta local Biblioteca Nacional de Agricultura - Binagri Biblioteca Nacional de Agricultura - Binagri   (2011), v.5(4) p. 376-383   29/11/2023 01 Periódicos Portaria Interministerial nº 164/94

BINAGRI

Telefone: (61)3218-2567/2388/3357/2097 - binagri@agro.gov.br

Ministério da Agricultura e Pecuária , Esplanada dos Ministérios, Bloco D, Anexo B, Brasília/DF, CEP: 70.043-900